| 000 | 00839cab a2200253 4500 | ||
|---|---|---|---|
| 001 | X1075 | ||
| 008 | 090401t1993 xxu||||| |||| 00| 0 eng d | ||
| 035 | _a(Sirsi) u14569 | ||
| 041 | _aeng | ||
| 245 | _aNew fire rules will damage residential lettings market | ||
| 260 | _c1993 | ||
| 350 | _a0 | ||
| 490 |
_aCS Monthly : General Practice _v3(2) October 1993, 1(1) |
||
| 650 | _aCONSUMER PROTECTION ACT 1987 | ||
| 650 | _aFIRE AND FURNISHINGS (FIRE) (SAFETY) REGULATIONS 1988 | ||
| 650 | _aFIRE REGULATIONS | ||
| 650 | _aMANAGEMENT-HEALTH AND SAFETY-FIRE SAFETY | ||
| 650 | _aFORE AND FURNISHINGS (FIRE) (SAFETY) REGULATIONS 1993 | ||
| 650 | _aFURNITURE | ||
| 650 | _aRESIDENTIAL LETTINGS | ||
| 690 | _aPROPERTY-RESIDENTIAL PROPERTY-RESIDENTIAL LANDLORD AND TENANT-RESIDENTIAL TENANCIES | ||
| 942 | _n0 | ||
| 948 | _c04/03/1997 | ||
| 999 |
_c9505 _d9505 |
||